| 000 | 01556nam0a2200337 4500 | ||
|---|---|---|---|
| 001 | RU\NLR\bibl\94105 | ||
| 005 | 20260406093223.0 | ||
| 010 |
_a5-8046-0125-3 _97000 |
||
| 021 |
_aRU _b2000-6426 _9319 |
||
| 035 | _a(NLR Aleph) 000091954 | ||
| 090 |
_a516206 _c516206 |
||
| 100 | _a20000623d2000 |||y0rusy50 ca | ||
| 101 | 0 | _arus | |
| 102 | _aRU | ||
| 105 | _aa ||||||||| | ||
| 200 | 1 |
_aПсихология воли _e[Учеб. пособие для пед. учеб. заведений] _fЕ.П. Ильин |
|
| 210 |
_aСПб. и др. _cПитер _d2000 |
||
| 215 |
_a280 с. _cил. _d24 |
||
| 225 | 1 | _aСерия "Мастера психологии" | |
| 300 | _aНа 4-й с. обл. авт.: Ильин Е.П. - д.психол.н., проф. | ||
| 320 | _aБиблиогр.: с. 267-280 | ||
| 606 | 0 |
_aВоля _jРуководства, пособия и т.п. для высшей школы _xПсихологические исследования _92141598 _3RU\NLR\auth\661290734 |
|
| 606 | 0 |
_aВоля _jУчебные издания для высшей школы _xПсихологические исследования _92141598 _3RU\NLR\auth\661290734 |
|
| 686 | _aЮ935.22я73 | ||
| 700 | 1 |
_4070 _8rus _7ca _aИльин _bЕ. П. _cд-р психол. наук, канд. биол. наук _f1933-2015 _gЕвгений Павлович _3RU\NLR\AUTH\7765331 _948260 |
|
| 801 | 0 |
_aRU _bNLR _c20000623 _gPSBO |
|
| 801 | 1 |
_aRU _bNLR _c20000623 |
|
| 852 |
_aNLR _j2000-7/826 |
||
| 942 | _cBOOK | ||
| 980 | _aNB | ||